• 首页
  • 本馆介绍
  • 公告通知
  • 最新文献
  • 馆藏检索
  • 电子资源
  • 读者导购
  • 参考咨询
  • 我的图书馆
  • 登录
  • 详细信息显示
  • 放入我的书架
  • 预约/预借图书
  • 作者相关作品
  • 分类相关作品
  • 丛书相关作品
  • 出版社相关作品

书目信息

  • 表格格式
  • 工作单格式
  • 卡片格式
书名: A history of Latin America
作者: Benjamin Keen, Mark Wasserman.
分册号:
分册名:
出版地: Boston :
 
出版社: Houghton Mifflin Co
出版时间: c1992.
页数: xv, 630 p. :
开本: 24 cm.
丛书名:
中图分类号:
科图分类号:
其他分类号: K730
主题词:
电子资源:
000 00964cam 22003011a 4500
001 E0733788300
005 20070323092538.92
008 0105291992 maua b 001 0 eng
010    @a 87081121
020    @a0395359422 (pbk.).
040    @aDLC@cDLC
043    @acl-----
050 00 @aF1408.3@b.K443 1988
082 00 @a980 @2 19
090    @aK730
099    @dK730@ex1=4
100 1  @aKeen, Benjamin,@d1913-
245 12 @aA history of Latin America / @cBenjamin Keen, Mark Wasserman.
250    @a4th ed.
260    @aBoston :@bHoughton Mifflin Co.,@cc1992.
300    @axv, 630 p. :@bill. ;@c24 cm.
500    @aIncludes index.
500    @aRev. ed. of: A short history of Latin America. 2nd ed. c1984.
504    @aBibliography: p. 585-613.
651  0 @aLatin America@xCivilization.
700 1  @aWasserman, Mark,@d1946-
700 1  @aKeen, Benjamin,@d1913-@tShort history of Latin America.
920    @a232010@z1
    
    A history of Latin America / / Benjamin Keen, Mark Wasserman.-4th ed.-Boston : : Houghton Mifflin Co., , c1992.
    xv, 630 p. : : ill. ; ; 24 cm.
    Includes index.-Rev. ed. of: A short history of Latin America. 2nd ed. c1984.-Bibliography: p. 585-613.
    
    ISBN 0395359422 (pbk.).
    
●
相关链接 在E读中查询图书 在五车中查询图书 在当当中查询图书 在豆瓣中查询图书


正题名:history of Latin America     索取号:K730/x1=4         预约/预借

序号 登录号 条形码 馆藏地/架位号 状态 备注
1 0003608   300036084   第二样本阅览室/ [索取号:K730/x1=4] 在馆    
2 0003609   300036093   第四借阅区/ [索取号:K730/x1=4] 在馆    
唐山师范学院图书馆 欢迎您!
大连网信软件有限公司© 版权所有